000 00381nam a22001577a 4500
003 OSt
008 240323b |||||||| |||| 00| 0 eng d
020 _a9788178221137
100 _aSEGAL, SUZANNE
245 _aCOLLISION WITH THE INFINITE
250 _a2nd
260 _aNew Delhi
_bNew Age
_c2009
300 _axvi,175
650 _aGeneral/Decentralization
942 _2ddc
_cREF
999 _c12276
_d12276